| 000 | 00704cab a2200241 4500 | ||
|---|---|---|---|
| 001 | WB3206-12 | ||
| 008 | 090401t1996 xxu||||| |||| 00| 0 eng d | ||
| 035 | _a(Sirsi) u21016 | ||
| 041 | _aeng | ||
| 245 | _aGermans buy Lloyds building | ||
| 260 | _c1996 | ||
| 350 | _a0 | ||
| 490 |
_aObserver _v4 February 1996, 2.4(1) |
||
| 520 | _aA German financial institution has bought the Lloyds building for £180m. Lloyds will continue to rent the building. | ||
| 650 | _aFOREIGN INVESTMENT-GERMANY | ||
| 650 | _aGERMAN INVESTMENT | ||
| 650 | _aGERMANY | ||
| 650 | _aINVESTMENT MARKET | ||
| 650 | _aLLOYDS BUILDING | ||
| 690 | _aPROPERTY-COMMERCIAL PROPERTY | ||
| 942 | _n0 | ||
| 948 | _c04/03/1997 | ||
| 999 |
_c14101 _d14101 |
||